Fundamentals of signals and systems: a building block approach (Record no. 44206)

MARC details
000 -LEADER
fixed length control field 00834nam a2200205 a 4500
008 - FIXED-LENGTH DATA ELEMENTS--GENERAL INFORMATION
fixed length control field 090320s2000 ||||||||||||||||| || u
020 ## - INTERNATIONAL STANDARD BOOK NUMBER
International Standard Book Number 0521849667
050 ## - LIBRARY OF CONGRESS CALL NUMBER
Classification number TK 5102.5 Cha
100 ## - MAIN ENTRY--PERSONAL NAME
Personal name Cha, Philip D
245 10 - TITLE STATEMENT
Title Fundamentals of signals and systems: a building block approach
Statement of responsibility, etc. by Philip D, Cha and John I. Molinder
260 ## - PUBLICATION, DISTRIBUTION, ETC.
Place of publication, distribution, etc. New York:
Name of publisher, distributor, etc. Cambridge University P
Date of publication, distribution, etc. 2000
300 ## - PHYSICAL DESCRIPTION
Extent xxviii, 431p.: ill + CD-ROM
350 ## - PRICE (NR) (BK AM CF MU VM SE) [OBSOLETE]
Price 0.00
500 ## - GENERAL NOTE
General note Accompanied with a CD-ROM available in the cybrary
650 ## - SUBJECT ADDED ENTRY--TOPICAL TERM
Topical term or geographic name entry element TELECOMMUNICATION
650 ## - SUBJECT ADDED ENTRY--TOPICAL TERM
Topical term or geographic name entry element SYSTEM ANALYSIS--TEXTBOOKS
650 ## - SUBJECT ADDED ENTRY--TOPICAL TERM
Topical term or geographic name entry element SIGNAL PROCESSING--TEXTBOOKS
700 ## - ADDED ENTRY--PERSONAL NAME
Personal name Molinder, John I
995 ## - RECOMMENDATION 995 [LOCAL, UNIMARC FRANCE]
-- 0.00
-- CBU-MAIN LIBRARY (Kitwe)
-- 1
-- 0.00
-- 1
-- AVAILABLE
-- Apr 14, 2009
-- Main Library Open Access Collection
Holdings
Withdrawn status Lost status Source of classification or shelving scheme Damaged status Not for loan Home library Current library Shelving location Date acquired Total Checkouts Full call number Barcode Date last seen Price effective from Koha item type
          CBU-MAIN LIBRARY, KITWE. CBU-MAIN LIBRARY, KITWE.   11/30/2022   TK 5102.5 Cha 739861 11/30/2022 11/30/2022 MONOGRAPH